| 000 | 00544cam a2200169 4500 | ||
|---|---|---|---|
| 082 |
_a658.3 _bPIG _cD |
||
| 100 | 1 |
_aPigors, Paul John William, _944644 |
|
| 245 | 1 | 0 |
_aPersonnel administration, _ba point of view and a method _c[by] Paul Pigors [and] Charles A. Myers. |
| 250 | _a4th ed. | ||
| 260 |
_aNew York, _bMcGraw-Hill, _c1961. |
||
| 300 |
_a749 p. _billus. _c24 cm. |
||
| 526 |
_a0 _b0 _c0 _d658_300000000000000_PIG |
||
| 650 | 0 |
_aMCE _9379 |
|
| 650 | 0 |
_aPersonnel management. _91204 |
|
| 700 | 1 |
_aMyers, Charles A. _944645 |
|
| 942 |
_2ddc _cBK |
||
| 999 |
_c548373 _d548373 |
||